000 00449nam a2200181Ia 4500
001 8498
005 20260306160614.0
008 260306t2017||||xx |||||||||||||| ||spa||
041 _aESP
082 _a371.1
_bM36N
100 _aMedina Rivilla, Antonio
_eAUT
245 0 _aNuevas perspectivas en la formación de profesores
260 _c2017
300 _a520 páginas :
_c24 cm.
650 _aGEN
654 _aCED
942 _cLIB
_dJUS
_fJUS
_2ddc
_n
999 _c8498
_d8498